000 01204nam a22003497a 4500
003 CHAP
005 20220817043720.0
008 001011d1999 it r 00010 eng d
010 _a82548
011 _a83520
020 _a9250043201
035 _a94033
040 _cCHAP
082 1 0 _a639.2
_bF46 v.601
110 2 _aFAO. Comisión General de Pesca para el Mediterráneo
_939486
245 1 0 _aReport of the session of the scientific advisory committee (1o)
_c/by FAO. General Fisheries Commission for the Mediterranean
260 _aRome :
_bFAO,
_c1999.
300 _a52 p. :
_bcuadros
490 0 _aFAO. Informe de pesca
_v; 601
500 _aEd. Bilingue. inglés-francés
590 _aBATCH-UPD
_b10
_c20130110
_lUCH01
_h1044
590 _aCONVERSION
_b10
_c20130109
_lUCH01
_h1346
650 1 4 _aPeces.
_986441
650 1 4 _aPiscicultura.
_988531
650 1 4 _aRecursos marinos.
830 0 _aFAO. Informe de pesca
_v; 601
_939587
901 _aBK
905 _aPatricia Mendoza P.
942 _cLIBRO
949 _a639.2 F46 v.601
_bBC
_cFAO
_d33724000770772
_eFAO2
_fc.2
_gDonaciØn
_h98707
_i94033
_sb
949 _a639.2 F46 v.601
_bBC
_cFAO
_d33724000770780
_eFAO1
_gDonaciØn
_h98698
_i94033
_sb
999 _c82548
_d82548